元代省级行政区(1330年)- 地图版 - Statistics

General Stats
  • This quiz has been taken 131 times
  • The average score is 8 of 12
Answers on the Map
Answers color-coded by a green-red scale on the quiz's map according to % correct below.
 
Answer Stats
行省 % Correct
云南行省
86%
陕西行省
79%
湖广行省
77%
岭北行省
75%
中书省
71%
四川行省
68%
甘肃行省
66%
江西行省
64%
宣政院辖地
64%
河南江北行省
63%
辽阳行省
62%
江浙行省
48%
No matching quizzes found
Score Distribution
Percent of People with Each Score
Percentile by Number Answered
Your Score History
You have not taken this quiz